[Event "FSIM October"]
[Site "Budapest HUN"]
[Date "2008.10.07"]
[Round "4"]
[White "Rooze,J"]
[Black "Szeberenyi,A"]
[Result "0-1"]
[WhiteElo "2316"]
[BlackElo "2310"]

1.e4 c5 2.Nf3 d6 3.Bb5+ Bd7 4.Bxd7+ Qxd7 5.O-O Nc6 6.c3 Nf6 7.d4 Nxe4 8.d5 Ne5
9.Re1 Nf6 10.Nxe5 dxe5 11.c4 e6 12.Bg5 Be7 13.Nc3 Nxd5 14.cxd5 Bxg5 15.Ne4 Bf6
16.dxe6 Qxd1 17.Raxd1 fxe6 18.Nxc5 b6 19.Nxe6 Kf7 20.Nc7 Rad8 21.Nb5 a6 22.Nd6+ Ke6
23.Ne4 Rxd1 24.Rxd1 Rc8 25.Kf1 Be7 26.Ke2 Rc2+ 27.Rd2 Rc1 28.a3 g5 29.h3 h6
30.Kd3 Bc5 31.Rc2 Rxc2 32.Kxc2 Bd4 33.b3 Kf5 34.Kd3 Kf4 35.a4 a5 36.Nf6 Bxf2
37.Nh5+ Kf5 38.g4+ Ke6 39.Ng7+ Kd5 40.Nf5 e4+ 41.Ke2 Bc5 42.Nxh6 Kd4 43.Nf7 Be7
44.Kd2 e3+ 45.Ke2 Kc3 46.Kxe3 Kxb3 47.Ne5 Kxa4 48.Kd3 Kb3 49.Nc4 a4 50.Nd2+ Kb2
51.Nc4+ Kc1 52.Nxb6 a3 53.Nc4 a2 54.Na5 Kb2 55.Nc4+ Kb3  0-1

[Event "1st WMSG Blitz Pair"]
[Site "Beijing CHN"]
[Date "2008.10.08"]
[Round "1"]
[White "Sarakauskas,G"]
[Black "Aveskulov,V"]
[Result "0-1"]
[WhiteElo "2429"]
[BlackElo "2544"]

1.e4 c5 2.Nf3 d6 3.Bb5+ Nc6 4.d4 cxd4 5.Qxd4 Bd7 6.Bxc6 Bxc6 7.Nc3 Nf6 8.Bg5 e6
9.O-O-O Be7 10.Qd3 Qa5 11.Kb1 O-O 12.h4 Rfc8 13.Nd4 a6 14.f4 Be8 15.Rhe1 Bd8
16.Nb3 Qc7 17.Qxd6 Qxd6 18.Rxd6 h6 19.Bxf6 Bxf6 20.g3 Bxc3 21.bxc3 Rxc3 22.Rd3 Rac8
23.Nd4 Ba4 24.Kb2 R3c4 25.c3 Kf8 26.e5 R4c5 27.Nb3 R5c7 28.Ree3 Bc6 29.Rd6 Ke7
30.Red3 Be4 31.R3d4 Bd5 32.Rd3 Be4 33.R3d4 Bd5 34.Rd3 Rc6 35.Rxc6 Rxc6 36.Rd4 Rc8
37.a4 Bc6 38.Rb4 g5 39.hxg5 hxg5 40.Nd4 Bd5 41.Rb6 g4 42.f5 Rh8 43.f6+ Kd7
44.c4 Be4 45.Nb3 Kc7 46.a5 Rh3 47.Nc5 Bc6 48.Rb3 Rh2+ 49.Ka3 Rf2 50.Rc3 Re2
51.Nd3 Re3 52.Kb4 Rxg3 53.Nc5 Rg1  0-1

[Event "1st WMSG Blitz Pair"]
[Site "Beijing CHN"]
[Date "2008.10.08"]
[Round "2"]
[White "Greet,A"]
[Black "Paragua,M"]
[Result "0-1"]
[WhiteElo "2440"]
[BlackElo "2526"]

1.e4 c5 2.Nf3 d6 3.Bb5+ Nd7 4.d4 Nf6 5.Nc3 a6 6.Bxd7+ Nxd7 7.O-O e6 8.Bg5 Qc7
9.d5 e5 10.a4 f6 11.Be3 Be7 12.Nd2 O-O 13.Nc4 b6 14.f4 exf4 15.Rxf4 Ne5 16.Qe2 Bd7
17.Raf1 b5 18.axb5 axb5 19.Nxe5 dxe5 20.Rh4 f5 21.Rh5 f4 22.d6 Qxd6 23.Rd1 Qg6
24.Bf2 Bg4 25.Nd5 Bd8  0-1

[Event "1st WMSG Rapid Ind KO"]
[Site "Beijing CHN"]
[Date "2008.10.08"]
[Round "2.1"]
[White "Zhang Zhong"]
[Black "Fier,A"]
[Result "0-1"]
[WhiteElo "2649"]
[BlackElo "2581"]

1.e4 c5 2.Nf3 d6 3.Bb5+ Bd7 4.Bxd7+ Qxd7 5.c4 Nc6 6.d4 cxd4 7.Nxd4 Nf6 8.Nc3 e6
9.O-O Be7 10.Be3 O-O 11.Qe2 a6 12.Rfd1 Nxd4 13.Rxd4 Qc6 14.Rc1 Rfd8 15.f3 Rac8
16.b3 Ne8 17.Rdd1 Bf6 18.Na4 Nc7 19.Nb6 Rb8 20.Rc2 Na8 21.Qf2 Nxb6 22.Bxb6 Rd7
23.Rcd2 Bd8 24.Bd4 Be7 25.a4 Rc8 26.a5 Rdd8 27.Qg3 e5 28.Be3 g6 29.Rd5 Re8
30.Qe1 Bf8 31.Qb4 Re6 32.Qd2 Be7 33.Bb6 Rf8 34.Qd3 Kg7 35.Be3 h5 36.Bd2 f5
37.Bc3 b6 38.exf5 Rxf5 39.Re1 Kf7 40.Re4 bxa5 41.Bxa5 Qb7 42.Kf1 Qa7 43.Be1 Qb7
44.Bd2 Qc6 45.Ke2 Ke8 46.Be3 Bd8 47.c5 Be7 48.cxd6 Rxd6 49.Rxd6 Qxd6 50.Qc4 Kd7
51.Bd2 Qc6 52.Qd3+ Ke6 53.Ra4 e4 54.Rxe4+ Kf7 55.Bc3 Qb5 56.Qxb5 Rxb5 57.b4 Bd8
58.Kd3 Rg5 59.g4 hxg4 60.fxg4 Rd5+ 61.Kc4 Rb5 62.Rd4 Be7 63.Rd7 Ke6 64.Ra7 Rb6
65.Kb3 Rc6 66.h3 Bd6 67.Rg7 Rxc3+ 68.Ka4 Rxh3 69.Rxg6+ Kd5 70.Rg8 Rh1 71.Ra8 Kc4
72.Rc8+ Kd5 73.Ra8 Ra1+ 74.Kb3 Kc6 75.Kc4 Rc1+ 76.Kb3 Kb7 77.Rd8 Bc7 78.Rd5 Rg1
79.g5 Kc6 80.Rf5 Bd6 81.Ra5 Kb6 82.Rd5 Be7 83.Re5 Bxg5 84.Re6+ Kb7 85.Kc4 Rc1+
86.Kb3 Bf4 87.Rf6 Bc7 88.Re6 Rc6 89.Re8 Bd6 90.Re4 Rc1 91.Re6 Kc6 92.Rg6 Rd1
93.Kc4 Rb1 94.Kc3 Kd5 95.Rh6 Bxb4+ 96.Kc2 Ra1 97.Kb2 Ra3 98.Rh5+ Kc6 99.Rh6+ Kb5  0-1

[Event "1st WMSG Blitz Pair"]
[Site "Beijing CHN"]
[Date "2008.10.08"]
[Round "4"]
[White "Ni Hua"]
[Black "Pruess,D"]
[Result "1-0"]
[WhiteElo "2710"]
[BlackElo "2422"]

1.e4 c5 2.Nf3 d6 3.Bb5+ Bd7 4.Bxd7+ Qxd7 5.c4 Nc6 6.d4 cxd4 7.Nxd4 Nf6 8.Nc3 Qg4
9.Qxg4 Nxg4 10.Nxc6 bxc6 11.Bf4 Rb8 12.h3 Ne5 13.Bxe5 dxe5 14.Na4 Rd8 15.Rd1 Rd4
16.Rxd4 exd4 17.e5 g5 18.Kd2 Bg7 19.Re1 f6 20.exf6 Bxf6 21.Nc5 Kf7 22.Re6 Rc8
23.Kd3 Rc7 24.b4 Rc8 25.g3 Rc7 26.a3 Rc8 27.Re2 Ra8 28.Nd7 a5 29.b5 cxb5
30.cxb5 Rd8 31.Nxf6 Kxf6 32.f4 gxf4 33.gxf4 a4 34.b6 Rb8 35.Rb2 Kf5 36.Kxd4 Kxf4
37.Kc5 e5 38.b7 e4 39.Kc6 e3 40.Kc7 Re8 41.b8=Q Rxb8 42.Rxb8 e2 43.Re8 Kf3
44.Kc6 Kf2 45.Kb5 e1=Q 46.Rxe1 Kxe1 47.Kxa4 Kf2 48.Kb4 Kg3 49.a4 Kxh3 50.a5  1-0

[Event "1st WMSG Blitz Pair"]
[Site "Beijing CHN"]
[Date "2008.10.08"]
[Round "8"]
[White "Greet,A"]
[Black "Le Quang Liem"]
[Result "0-1"]
[WhiteElo "2440"]
[BlackElo "2583"]

1.e4 c5 2.Nf3 d6 3.Bb5+ Bd7 4.Bxd7+ Qxd7 5.c4 Nf6 6.Nc3 g6 7.d4 cxd4 8.Nxd4 Bg7
9.b3 Nc6 10.Bb2 Qg4 11.O-O Qxd1 12.Raxd1 Nxd4 13.Rxd4 O-O 14.Rd2 a6 15.a4 Rfc8
16.f3 Kf8 17.Nd5 Nxd5 18.Bxg7+ Kxg7 19.Rxd5 Kf6 20.Kf2 Rab8 21.Rfd1 Ke6 22.Ke3 f6
23.Kd4 Kd7 24.c5 b6 25.cxb6 Rxb6 26.Rd3 Rc2 27.g3 Rxh2 28.Kc3 h5 29.f4 e6
30.R5d4 Re2 31.Rd2 Re1 32.Kd3 Rxb3+ 33.Kc4 Rb6 34.e5 fxe5 35.fxe5 Rxe5 36.Rf4 Rf5
37.Rfd4 Rc6+ 38.Kb4 g5 39.Rh2 g4 40.Re2 d5 41.Ka5 Kd6 42.Rb4 d4+  0-1

[Event "1st WMSG Blitz Pair"]
[Site "Beijing CHN"]
[Date "2008.10.08"]
[Round "9"]
[White "Zhang Zhong"]
[Black "Ghaem Maghami,E"]
[Result "0-1"]
[WhiteElo "2649"]
[BlackElo "2599"]

1.e4 c5 2.Nf3 d6 3.Bb5+ Nc6 4.O-O Bd7 5.Re1 Nf6 6.c3 a6 7.Ba4 b5 8.Bc2 Bg4
9.d3 e6 10.Nbd2 Be7 11.h3 Bh5 12.Nf1 d5 13.Ng3 Bg6 14.Nh4 dxe4 15.Nxg6 hxg6
16.dxe4 Nd7 17.Be3 O-O 18.Qe2 Qc7 19.Nf1 c4 20.Nd2 Bc5 21.Rad1 Rad8 22.Nf3 Bxe3
23.Qxe3 Nde5 24.Nd4 Nxd4 25.cxd4 Nc6 26.Rd2 Qb6 27.Red1 e5 28.dxe5 Qxe3 29.fxe3 Rxd2
30.Rxd2 Rd8 31.Rd6 Rxd6 32.exd6 Kf8 33.e5 Nxe5 34.Be4 Ke8 35.Bb7 b4 36.Kf1 a5
37.Bc8 Kd8 38.Ba6 a4 39.Bb5 c3 40.bxc3 b3 41.axb3 a3  0-1

[Event "YUURGU-65 GM"]
[Site "Chelyabinsk RUS"]
[Date "2008.10.08"]
[Round "7"]
[White "Fazulyanov,S"]
[Black "Gabrielian,A"]
[Result "1/2-1/2"]
[WhiteElo "2395"]
[BlackElo "2486"]

1.e4 c5 2.Nf3 d6 3.Bb5+ Bd7 4.Bxd7+ Qxd7 5.O-O Nf6 6.Re1 Nc6 7.c3 e6 8.d4 cxd4
9.cxd4 d5 10.e5 Ne4 11.Nc3 Nxc3 12.bxc3 h6 13.Qd3 Be7 14.Nd2 O-O-O 15.Nb3 f6
16.Qg6 f5 17.a4 a5 18.Ba3 Bxa3 19.Rxa3 b6 20.Rb1 Kc7 21.Nd2 Rhg8 22.Qg3 Rb8
23.Qd3 Rb7 24.Rab3 Rgb8 25.Qa6 Ne7 26.c4 Qxa4 27.c5 Qxd4 28.Rxb6 Rxb6 29.cxb6+ Kd8
30.Qxa5 Qxe5 31.Qb5 Qd6 32.h3 Rb7 33.Qa6 Rb8 34.Qa7 g5 35.b7 Nc6 36.Qb6+ Qc7
37.Qa6 g4 38.hxg4 fxg4 39.Rc1 Nb4 40.Qa1 Qxb7  1/2-1/2

[Event "USCL 2008"]
[Site "ICC INT"]
[Date "2008.10.08"]
[Round "7"]
[White "Bapat,U"]
[Black "Kahn,A"]
[Result "1-0"]
[WhiteElo "2110"]
[BlackElo "2203"]

1.e4 c5 2.Nf3 d6 3.Bb5+ Bd7 4.Bxd7+ Qxd7 5.O-O Nf6 6.e5 dxe5 7.Nxe5 Qc7 8.d4 e6
9.Re1 Nc6 10.Bf4 Bd6 11.Na3 Bxe5 12.dxe5 O-O 13.Nb5 Qb8 14.Bg3 Rd8 15.Qf3 Nd5
16.Re4 Nde7 17.Nd6 Rf8 18.c3 Nc8 19.Rd1 Qc7 20.Rg4 Nxd6 21.exd6 Qd7 22.Rc4 b6
23.b4 Rac8 24.bxc5 Na5 25.c6 Rxc6 26.Rxc6 Nxc6 27.c4 Rc8 28.h4 h6 29.Qg4 Na5
30.Be5 f5 31.Qg6 Nxc4 32.Bxg7  1-0

[Event "Chigorin Memorial"]
[Site "St Petersburg RUS"]
[Date "2008.10.08"]
[Round "6"]
[White "Ivkina,O"]
[Black "Ivanov,Al3"]
[Result "1-0"]
[WhiteElo "2229"]
[BlackElo "2431"]

1.e4 c5 2.Nf3 d6 3.Bb5+ Bd7 4.Bxd7+ Qxd7 5.c4 Nf6 6.Nc3 g6 7.O-O Bg7 8.d4 cxd4
9.Nxd4 O-O 10.h3 Rc8 11.b3 Nc6 12.Be3 Qe8 13.Rc1 a6 14.Nd5 Nxd5 15.exd5 Ne5
16.Qe2 Rc7 17.Rfd1 Rac8 18.a4 Nd7 19.a5 Nc5 20.Qc2 Bf6 21.Ne2 Qf8 22.Ng3 Be5
23.f4 Bg7 24.b4 Nd7 25.Qb3 h5 26.Bb6 Nxb6 27.axb6 Rd7 28.c5 dxc5 29.bxc5 Qd8
30.Kh1 a5 31.c6 Rd6 32.Ne4 a4 33.Qxa4  1-0

[Event "Chigorin Memorial"]
[Site "St Petersburg RUS"]
[Date "2008.10.08"]
[Round "6"]
[White "Shchukin,D"]
[Black "Makarov,M"]
[Result "1/2-1/2"]
[WhiteElo "2357"]
[BlackElo "2536"]

1.e4 c5 2.Nf3 d6 3.Bb5+ Nc6 4.O-O Bd7 5.c4 Nf6 6.Nc3 g6 7.d4 cxd4 8.Nxd4 Bg7
9.Bxc6 bxc6 10.c5 dxc5 11.Nb3 c4 12.Nd2 Be6 13.Qa4 O-O 14.Nxc4 Qc7 15.h3 Nd7
16.Be3 Nb6 17.Nxb6 axb6 18.Qc2 c5 19.Rfd1 Rfd8 20.a4 Bd4 21.Nd5 Bxd5 22.Rxd4 Be6
23.Rxd8+ Rxd8  1/2-1/2

[Event "FSIM October"]
[Site "Budapest HUN"]
[Date "2008.10.10"]
[Round "6"]
[White "Rooze,J"]
[Black "Kislik,E"]
[Result "1-0"]
[WhiteElo "2316"]
[BlackElo "2278"]

1.e4 c5 2.Nf3 d6 3.Bb5+ Bd7 4.Bxd7+ Qxd7 5.O-O Nc6 6.c3 Nf6 7.d4 Nxe4 8.d5 Nb8
9.Re1 Nf6 10.Bg5 Kd8 11.c4 g6 12.b4 cxb4 13.a3 Bg7 14.axb4 h6 15.Be3 Nxd5
16.Qxd5 Bxa1 17.Qa5+ Kc8 18.Qxa1 f6 19.b5 e5 20.Nc3 Qf7 21.Nd5 Nd7 22.Qa5 Nc5
23.Nb6+ Kb8 24.Nxa8 Kxa8 25.Ra1 a6 26.bxa6  1-0

[Event "Chigorin Memorial"]
[Site "St Petersburg RUS"]
[Date "2008.10.10"]
[Round "8"]
[White "Teterev,V"]
[Black "Brodsky,M"]
[Result "1/2-1/2"]
[WhiteElo "2513"]
[BlackElo "2550"]

1.e4 c5 2.Nf3 d6 3.Bb5+ Nc6 4.O-O Bd7 5.Re1 Nf6 6.c3 a6 7.Bf1 Bg4 8.d4 cxd4
9.cxd4 d5 10.e5 Nd7 11.Nc3 e6 12.Be3 Be7 13.Be2 Nb6 14.Nd2 Bxe2 15.Nxe2 Rc8
16.Nf4 g6 17.Rc1 Nb4 18.a3 Rxc1 19.Qxc1 Nc6 20.Nd3 O-O 21.Bh6 Re8 22.Nf3 Nc4
23.Qf4 f5 24.exf6 Bxf6 25.h4 Nxd4 26.Nxd4 e5 27.Qg3 exd4 28.Rxe8+ Qxe8 29.Bf4 Bg7
30.Qg5 Qd7 31.Nc5 Qc6 32.Qd8+ Kf7 33.Nd3 Bf6 34.Qb8 h5  1/2-1/2

[Event "1st WMSG Blitz Team"]
[Site "Beijing CHN"]
[Date "2008.10.13"]
[Round "1"]
[White "Chan Wei Xuan,T"]
[Black "Li Chao2"]
[Result "1-0"]
[WhiteElo "2264"]
[BlackElo "2622"]

1.e4 c5 2.Nf3 d6 3.Bb5+ Nd7 4.d4 Nf6 5.Nc3 cxd4 6.Qxd4 a6 7.Bxd7+ Bxd7 8.O-O Bc6
9.Bg5 e6 10.Nd5 Bxd5 11.exd5 Be7 12.dxe6 fxe6 13.c4 O-O 14.Rad1 Rc8 15.b3 Qa5
16.Qe3 e5 17.Bxf6 Rxf6 18.Ng5 Rg6 19.Qh3 Rxg5 20.Qxc8+ Kf7 21.f4 exf4 22.Rxf4+ Bf6
23.Qxb7+ Kg6 24.Qe4+ Kf7 25.a4 Qb6+ 26.Qd4 Qxb3 27.Qxd6 Qa2 28.Qd2 Qa3 29.Rf3 Qc5+
30.Kh1 h6 31.Rdf1 Kg6 32.Qd3+ Kf7 33.Qd7+ Kg6 34.Qe8+ Kh7 35.Qe4+ Kh8 36.h3 Re5
37.Qa8+ Kh7 38.Qb7 Re7 39.Qxa6 Re2 40.Qb5 Qd4 41.Qf5+ Kh8 42.Qg4 Qb2 43.a5 Qa2
44.Rf5 Rc2 45.c5 Qxa5 46.Qg6 Rxc5 47.Qxh6+ Kg8 48.Rxf6 gxf6 49.Qg6+ Kh8 50.Qxf6+ Kh7
51.Qf7+ Kh8 52.Qf8+ Kh7 53.Rf7+ Kg6 54.Qg7+ Kh5 55.Qg4+ Kh6 56.Rf6+ Kh7 57.Qg6+  1-0

[Event "1st WMSG Blitz Team"]
[Site "Beijing CHN"]
[Date "2008.10.13"]
[Round "1"]
[White "Mogranzini,R"]
[Black "Sandipan,C"]
[Result "1/2-1/2"]
[WhiteElo "2415"]
[BlackElo "2579"]

1.e4 c5 2.Nf3 d6 3.Bb5+ Bd7 4.Bxd7+ Qxd7 5.O-O Nf6 6.Re1 Nc6 7.c3 e6 8.d4 cxd4
9.cxd4 d5 10.e5 Ne4 11.Nbd2 Nxd2 12.Bxd2 Be7 13.Rc1 O-O 14.a3 f5 15.exf6 Bxf6
16.Bc3 Rae8 17.Rc2 Be7 18.Qd3 Bd6 19.Rce2 Nd8 20.Bb4 Bxb4 21.axb4 Qd6 22.b5 Rf6
23.h3 Ref8 24.Ne5 Nf7 25.Ng4 Rg6 26.Qa3 Qxa3 27.bxa3 h5 28.Ne5 Nxe5 29.Rxe5 Rf4  1/2-1/2

[Event "1st WMSG Blitz Team w"]
[Site "Beijing CHN"]
[Date "2008.10.13"]
[Round "4"]
[White "Berzina,I"]
[Black "Zdebskaja,N"]
[Result "1-0"]
[WhiteElo "2320"]
[BlackElo "2419"]

1.e4 c5 2.Nf3 d6 3.Bb5+ Bd7 4.Bxd7+ Qxd7 5.O-O Nc6 6.c3 Nf6 7.Qe2 e6 8.d4 cxd4
9.cxd4 d5 10.e5 Ne4 11.Be3 Be7 12.Ne1 f6 13.f3 Ng5 14.Nd3 O-O 15.Nc3 f5 16.Rac1 f4
17.Nxf4 Nxd4 18.Bxd4 Rxf4 19.Be3 Rf5 20.f4 Ne4 21.Nxe4 dxe4 22.Rfd1 Qe8 23.Rc7 b6
24.Rdd7 Rf7 25.Qg4 Bc5 26.Rxf7 Bxe3+ 27.Kh1 Qxf7 28.Rxf7 Kxf7 29.f5 Rd8 30.fxe6+ Kg8
31.e7  1-0

[Event "1st WMSG Blitz Team w"]
[Site "Beijing CHN"]
[Date "2008.10.13"]
[Round "4"]
[White "Dolzhikova,K"]
[Black "Rogule,L"]
[Result "1-0"]
[WhiteElo "2351"]
[BlackElo "2260"]

1.e4 c5 2.Nf3 d6 3.Bb5+ Bd7 4.Bxd7+ Qxd7 5.c4 Nc6 6.Nc3 g6 7.d4 cxd4 8.Nxd4 Bg7
9.Be3 Ne5 10.b3 Nf6 11.f3 O-O 12.Qd2 Rfd8 13.O-O e6 14.Rfd1 d5 15.cxd5 exd5
16.f4 Neg4 17.e5 Ne4 18.Nxe4 dxe4 19.h3 Nxe3 20.Qxe3 Bf8 21.Ne2 Qc6 22.Rxd8 Rxd8
23.Rc1 Qa6 24.Qxe4 Qxa2 25.Nd4 Qd2 26.Ne2 b6 27.e6 Bc5+ 28.Kh2 Qd6 29.exf7+ Kxf7
30.Nc3 Qe6 31.Qxe6+ Kxe6 32.Re1+ Kf7 33.Ne4 Bb4 34.Ng5+ Kg8 35.Rc1 Bc5 36.Re1 Bd6
37.Kg3 h6 38.Nf3 Rc8 39.Re6 Rc6 40.Rxg6+ Kh7 41.Rf6 Kg7 42.Rf5 Rc3 43.Rd5 Bc7
44.Rd7+ Kf6 45.Kg4 a5 46.Nd4 Rc5 47.Rh7 Kg6 48.Re7 Bb8 49.Re6+ Kf7 50.Rxb6 Bc7
51.Rb7 Ke7 52.Nb5 Kd7 53.Rxc7+ Rxc7 54.Nxc7 Kxc7 55.Kf5 Kd6 56.Kg6 Kc5 57.f5 Kb4
58.f6 Kxb3 59.f7 a4 60.f8=Q a3 61.Qb8+ Ka2 62.Kxh6 Ka1 63.Qb3 a2 64.Qxa2+  1-0

[Event "1st WMSG Blitz Team w"]
[Site "Beijing CHN"]
[Date "2008.10.13"]
[Round "5"]
[White "Xu Yuhua"]
[Black "Harika,D"]
[Result "1/2-1/2"]
[WhiteElo "2477"]
[BlackElo "2461"]

1.e4 c5 2.Nf3 d6 3.Bb5+ Bd7 4.Bxd7+ Qxd7 5.c4 Nc6 6.Nd4 Nf6 7.Nc3 g6 8.f3 Bg7
9.O-O O-O 10.a4 a6 11.b3 Rac8 12.Nde2 Rfd8  1/2-1/2

[Event "1st WMSG Blitz Team w"]
[Site "Beijing CHN"]
[Date "2008.10.13"]
[Round "5"]
[White "Otgonjargal,S"]
[Black "Dolzhikova,K"]
[Result "0-1"]
[WhiteElo "2142"]
[BlackElo "2351"]

1.e4 c5 2.Nf3 d6 3.Bb5+ Bd7 4.Bxd7+ Qxd7 5.d4 cxd4 6.Nxd4 Nf6 7.Nc3 g6 8.O-O Bg7
9.f3 O-O 10.Bg5 Nc6 11.Nb3 Rac8 12.Kh1 Ne5 13.Qe2 Nc4 14.Rab1 Nxb2 15.Bxf6 Bxf6
16.Nd5 Bg7 17.Qf2 b6 18.c3 Nd3 19.Qe3 Nc5 20.Nd4 e6 21.Nb4 Na4 22.Rbc1 Rc4
23.Rc2 Nxc3 24.Nbc6 Bxd4 25.Nxd4 Rfc8 26.Rfc1 Qa4 27.Rxc3 Rxc3 28.Rxc3 Qd1+
29.Qg1 Qxg1+ 30.Kxg1 Rxc3 31.Kf2 Ra3 32.Nb5 Rxa2+  0-1

[Event "1st WMSG Blitz Team w"]
[Site "Beijing CHN"]
[Date "2008.10.13"]
[Round "7"]
[White "Dolzhikova,K"]
[Black "Pogonina,N"]
[Result "0-1"]
[WhiteElo "2351"]
[BlackElo "2474"]

1.e4 c5 2.Nf3 d6 3.Bb5+ Bd7 4.Bxd7+ Qxd7 5.c4 Nf6 6.Nc3 g6 7.d4 cxd4 8.Nxd4 Bg7
9.Be3 O-O 10.f3 Nc6 11.Qd2 a6 12.a4 e6 13.O-O Qc7 14.b3 Rac8 15.Rfd1 Rfd8
16.Rac1 Na5 17.Qb2 Nc6 18.Qf2 Nd7 19.Nd5 exd5 20.cxd5 Re8 21.dxc6 bxc6 22.Rxc6 Qb7
23.Rxd6 Nc5 24.Rb1 Be5 25.Rd5 Nd3 26.Qd2 Nb4 27.Ra5 Rcd8 28.Rd1 Qb6 29.Rb5 axb5
30.Qxb4 Rd7 31.axb5 Red8 32.Qc4 Bxd4 33.Bxd4 Rxd4 34.Rxd4 Rxd4  0-1

[Event "1st WMSG Blitz Team"]
[Site "Beijing CHN"]
[Date "2008.10.13"]
[Round "9"]
[White "Mahjoob,M"]
[Black "Gopal,G"]
[Result "1/2-1/2"]
[WhiteElo "2507"]
[BlackElo "2548"]

1.e4 c5 2.Nf3 d6 3.Bb5+ Nd7 4.O-O Nf6 5.d4 cxd4 6.Qxd4 a6 7.Bxd7+ Bxd7 8.c4 g6
9.e5 dxe5 10.Nxe5 Bg7 11.Nc3 O-O 12.Qh4 Be6 13.Bh6 Qc7 14.Bxg7 Kxg7 15.Rfe1 Rad8
16.Qf4 Qb6 17.b3 Qd4 18.Qxd4 Rxd4 19.Rad1 Rfd8 20.Rxd4 Rxd4 21.Rd1 Rxd1+
22.Nxd1 Ne4 23.Nd3 Kf6 24.f3 Nd6 25.Kf2 Bf5 26.Ke3 e5 27.Nc3 Bxd3 28.Kxd3 Ke6
29.b4 Nf5 30.Ne4 b6 31.Ng5+ Ke7 32.g3 f6 33.Ne4 Nd6 34.Nc3 Ke6 35.a4 Nb7
36.Ne4 a5 37.bxa5 bxa5 38.Kc3 h6 39.c5 f5 40.c6 Nd6 41.Nc5+ Kd5 42.Nb7 Kxc6
43.Nxa5+ Kd5 44.Nb3 e4 45.fxe4+ Nxe4+ 46.Kb4 g5 47.a5 f4 48.gxf4 gxf4 49.a6 Kc6
50.Na5+ Kb6 51.Nc4+ Kxa6 52.Ne5 Kb6 53.Kc4 Kc7 54.Kd4 Ng5 55.h4 Ne6+ 56.Ke4 h5
57.Nf7 Kd7 58.Ng5 Nxg5+ 59.hxg5  1/2-1/2

[Event "1st WMSG Blitz Team w"]
[Site "Beijing CHN"]
[Date "2008.10.13"]
[Round "9"]
[White "Xu Yuhua"]
[Black "Dekic,B"]
[Result "1/2-1/2"]
[WhiteElo "2477"]
[BlackElo "2103"]

1.e4 c5 2.Nf3 d6 3.Bb5+ Nd7 4.d4 a6 5.Bxd7+ Bxd7 6.O-O cxd4 7.Qxd4 Nf6 8.c4 Bc6
9.Nc3 g6 10.Bg5 Bg7 11.Rfe1 O-O 12.Qd2 Re8 13.Rad1 Rc8 14.Nd4 Bd7 15.b3 Qa5
16.h3 b5 17.Nd5 Qxd2 18.Rxd2 Nxd5 19.cxd5 Bxd4 20.Rxd4 Rc2 21.Ra1 f6 22.Be3 Rec8
23.Rd2 Kf7 24.Rad1 a5 25.Rxc2 Rxc2 26.Rd2 Rc8 27.Bb6 a4 28.bxa4 bxa4 29.f3 Rb8
30.Bd4 Rb7 31.Kf2 h6 32.h4 g5 33.h5 Bb5 34.g4 Rc7 35.Ke3 Rb7 36.Rb2 Ke8 37.a3 Kd7
38.Bc3 Kc7 39.Ba5+ Kd7 40.Kd4 Ba6 41.Rxb7+ Bxb7 42.Ke3 Ba6 43.Bb4 Bc4 44.Ba5 Bb3
45.Bb4 Bd1 46.Ba5 Bb3 47.Bd2 Kc7  1/2-1/2

[Event "1st WMSG Blitz Team"]
[Site "Beijing CHN"]
[Date "2008.10.13"]
[Round "10"]
[White "Hussein,HA"]
[Black "Iwasaki,Y"]
[Result "0-1"]
[WhiteElo "2354"]
[BlackElo "2110"]

1.e4 c5 2.Nf3 d6 3.Bb5+ Bd7 4.Bxd7+ Qxd7 5.O-O Nf6 6.Re1 e6 7.c3 Nc6 8.d4 cxd4
9.Nxd4 Be7 10.Bg5 Nxd4 11.Qxd4 O-O 12.Nd2 Qb5 13.Bxf6 Bxf6 14.Qxd6 Rad8 15.Qf4 Bg5
16.c4 Bxf4 17.cxb5 Rxd2 18.g3 Be5 19.Rab1 h5 20.Kf1 Rc8 21.Re2 Rcc2 22.Rxd2 Rxd2
23.Ke1 Rxb2 24.Rxb2 Bxb2 25.Kd2 Kf8 26.Kd3 Ke7 27.f4 e5 28.h3 h4 29.gxh4 exf4
30.Ke2 Kd6 31.Kf3 Ke5 32.h5 f6 33.a4 a6 34.bxa6 bxa6 35.h4 Bc3 36.Ke2 Kxe4  0-1

[Event "1st WMSG Rapid Team"]
[Site "Beijing CHN"]
[Date "2008.10.14"]
[Round "1"]
[White "Sandipan,C"]
[Black "Piscopo,P"]
[Result "1-0"]
[WhiteElo "2579"]
[BlackElo "2380"]

1.e4 c5 2.Nf3 d6 3.Bb5+ Nd7 4.O-O a6 5.Bxd7+ Bxd7 6.d4 cxd4 7.Qxd4 Bc6 8.c4 Nf6
9.Nc3 e6 10.b3 Be7 11.a4 O-O 12.Ba3 Qc7 13.Rac1 Nd7 14.Nd5 exd5 15.cxd5 Nc5
16.dxc6 bxc6 17.e5 Ne6 18.Qe3 dxe5 19.Bxe7 Qxe7 20.Nxe5 c5 21.Nd3 Rfc8 22.Rc3 Rc7
23.Rfc1 Rac8 24.h3 Qd6 25.Qe5 Qxe5 26.Nxe5 Kf8 27.Kf1 Ke7 28.g3 Rb7 29.Nd3 Rcb8
30.Nxc5 Nxc5 31.Rxc5 Rxb3 32.Rc7+ Kf8 33.Rc8+ Rxc8 34.Rxc8+ Ke7 35.Rc7+ Ke8
36.Ra7 Rb6 37.a5 Re6 38.Kg2 h5 39.Kf3 g6 40.h4 Kf8 41.Kf4 Kg7 42.f3 Kf6 43.Rb7 Kg7
44.Rb6 Kf6 45.g4 hxg4 46.fxg4 Ke7 47.Rxe6+ fxe6 48.Ke5 Kf7 49.Kd6 Kf6 50.Kc6 Ke5
51.Kb6 Kf4 52.h5 gxh5 53.gxh5 Kg5 54.Kxa6 e5 55.Kb5 e4 56.Kc4 Kf4 57.a6 e3
58.Kd3 Kf3 59.a7 e2 60.a8=Q+  1-0

[Event "1st WMSG Rapid Team w"]
[Site "Beijing CHN"]
[Date "2008.10.15"]
[Round "3"]
[White "Berzina,I"]
[Black "Zdebskaja,N"]
[Result "1/2-1/2"]
[WhiteElo "2320"]
[BlackElo "2419"]

1.e4 c5 2.Nf3 d6 3.Bb5+ Nc6 4.c3 Bd7 5.O-O Nf6 6.Re1 a6 7.Bf1 Bg4 8.h3 Bxf3
9.Qxf3 g6 10.d3 Bg7 11.Na3 O-O 12.Nc2 Qb6 13.Ne3 e6 14.Nc4 Qc7 15.Bf4 Ne5
16.Qe3 Nxc4 17.dxc4 Qb6 18.b3 Rad8 19.Rad1 Rd7 20.g4 Rfd8 21.Bg5 Rf8 22.Bg2 Qa5
23.Re2 Ne8 24.Rc2 b5 25.Bf1 Nc7 26.Bf4 Rfd8 27.Bg5 Re8 28.Bf4 Red8 29.Bg5 Re8
30.Bf4 Red8  1/2-1/2

[Event "1st WMSG Rapid Team"]
[Site "Beijing CHN"]
[Date "2008.10.15"]
[Round "3"]
[White "Chan Wei Xuan,T"]
[Black "Aveskulov,V"]
[Result "0-1"]
[WhiteElo "2264"]
[BlackElo "2544"]

1.e4 c5 2.Nf3 d6 3.Bb5+ Nc6 4.O-O Bd7 5.Re1 Nf6 6.c3 a6 7.Bf1 Bg4 8.d3 e6
9.h3 Bxf3 10.Qxf3 Be7 11.Be3 d5 12.Nd2 O-O 13.Bf4 d4 14.e5 Nd5 15.Ne4 Nxf4
16.Qxf4 Qc7 17.Nd2 Rad8 18.Qg3 b5 19.c4 Rb8 20.Re4 Rfe8 21.Rae1 g6 22.h4 h5
23.Be2 Kh7 24.Bxh5 gxh5 25.Rf4 f5 26.exf6 Bd6 27.Qg5 Bxf4 28.Qxh5+ Kg8 29.Ne4 Qh7
30.Qg4+ Kh8 31.Qxf4 Rf8 32.Ng5 Qg6 33.Qc7 Rbc8 34.Qb7 bxc4 35.dxc4 d3 36.Rxe6 d2
37.Rd6 Nd4 38.Rd7 d1=Q+ 39.Kh2 Qdh5 40.g3 Rb8 41.Qc7 Qgxg5  0-1

[Event "1st WMSG Rapid Team"]
[Site "Beijing CHN"]
[Date "2008.10.15"]
[Round "4"]
[White "Hussein,HA"]
[Black "Forsaa,E"]
[Result "1-0"]
[WhiteElo "2354"]
[BlackElo "2322"]

1.e4 c5 2.Nf3 d6 3.Bb5+ Nd7 4.O-O a6 5.Bxd7+ Bxd7 6.d4 cxd4 7.Qxd4 e5 8.Qd3 h6
9.c4 b5 10.Nc3 bxc4 11.Qxc4 Nf6 12.Re1 Be7 13.Qd3 O-O 14.Nd2 Qc7 15.Nc4 Be6
16.Ne3 Qb7 17.b3 Rac8 18.Bb2 Rfd8 19.Rad1 Rc5 20.Nf5 Bxf5 21.exf5 Rdc8 22.h3 Bf8
23.Rd2 Qb4 24.Ne4 Nxe4 25.Rxe4 Qb5 26.Qxb5 axb5 27.Ba3 Rc2 28.Ree2 R2c6 29.Rd5 Ra8
30.Bb4 Rb6 31.Red2 Raa6 32.a3 g6 33.f6 g5 34.Rc2 Ra8 35.Rc7 Rd8 36.Ra7 Rdb8
37.h4 gxh4 38.Kh2 Kh7 39.Rxf7+ Kg6 40.Rd7 Kxf6 41.Bxd6 Bxd6 42.R5xd6+ Rxd6
43.Rxd6+ Kg5 44.Re6 Kf5 45.Rxh6 Ra8 46.Rb6 Rxa3 47.Rxb5 Ra2 48.f3 Rb2 49.Rb4 Kg5
50.Kh3 Kf5 51.Rxh4 Rxb3 52.Kg3 Ra3 53.Rh5+ Kf6 54.Kg4 Ra4+ 55.Kh3 Ra3 56.Rh4 Kf5
57.Re4 Ra1 58.Kg3 Ra2 59.Rb4 Rc2 60.Rb5 Rc3 61.Kh3 Ra3 62.Rb4 Rc3 63.g4+ Kf6
64.Kg3 Rc1 65.Rb6+ Kf7 66.g5 Rg1+ 67.Kh4 Rg2 68.Rf6+ Ke7 69.Kh5 Rh2+ 70.Kg6 Rh3
71.f4 e4 72.f5 e3 73.Re6+ Kd7 74.Kf6 Rg3 75.g6 Rf3 76.g7 Rg3 77.Rxe3  1-0

[Event "1st WMSG Rapid Team w"]
[Site "Beijing CHN"]
[Date "2008.10.15"]
[Round "5"]
[White "Dolzhikova,K"]
[Black "Mohota,N"]
[Result "1-0"]
[WhiteElo "2351"]
[BlackElo "2311"]

1.e4 c5 2.Nf3 d6 3.Bb5+ Nd7 4.O-O Nf6 5.d4 a6 6.Bxd7+ Nxd7 7.c3 e6 8.e5 d5
9.Bg5 Be7 10.Bxe7 Qxe7 11.Na3 b6 12.Nc2 O-O 13.Nd2 f5 14.f4 c4 15.Qh5 Nb8
16.Rf3 Bd7 17.Rh3 h6 18.Rg3 Kh8 19.Ne3 Nc6 20.Rf1 Be8 21.Qh3 b5 22.Rff3 b4
23.Rg5 bxc3 24.bxc3 Ra7 25.Rfg3 Qa3 26.Nef1 Rb7 27.Nf3 Kh7 28.Qh4 Rh8 29.Rh3 Kg8
30.Rgg3 Qe7 31.Qxe7 Nxe7 32.N3d2 Ng6 33.Rf3 Rb2 34.Rf2 Rxa2 35.Re3 Kf7 36.Re1 Ra3
37.Nb1 Rb3 38.Ra2 Rb6 39.g3 Bd7 40.Nbd2 Rhb8 41.Rea1 Bc8 42.Kf2 Ne7 43.Ke2 g5
44.Ne3 Rb2 45.Nc2 a5 46.Ne3 Nc6 47.Ke1 Bd7 48.fxg5 hxg5 49.h4 gxh4 50.gxh4 Rxa2
51.Rxa2 Rh8 52.Nf3 Bc8 53.Rh2 Ne7 54.h5 f4 55.Ng4 Nf5 56.Ng5+ Ke7 57.h6 a4
58.h7 Bd7 59.Nf6 Bc6 60.Ng8+ Kf8 61.Nxe6+ Kf7 62.Nd8+ Kg7 63.Nxc6 Rxh7 64.Rxh7+ Kxh7
65.Nf6+ Kg7 66.Nxd5 a3 67.Ncb4 Kf7 68.Nxf4 Ke7 69.Kd2 Kd7 70.Kc2 Ne3+ 71.Kb1 Nd1
72.Nfd5 Ke6 73.Ka2 Nf2 74.Kxa3 Ng4 75.Ka4 Nf2 76.Kb5 Ne4 77.Kxc4 Nf2 78.Nf4+ Ke7
79.Nbd5+ Kd7 80.e6+ Ke8 81.Kc5 Ne4+ 82.Kc6 Ng5 83.c4 Kd8 84.e7+ Ke8 85.Nh5 Ne4
86.Ng7+  1-0

[Event "1st WMSG Rapid Team"]
[Site "Beijing CHN"]
[Date "2008.10.15"]
[Round "6"]
[White "Bu Xiangzhi"]
[Black "Nolte,R"]
[Result "1-0"]
[WhiteElo "2714"]
[BlackElo "2489"]

1.e4 c5 2.Nf3 d6 3.Bb5+ Bd7 4.Bxd7+ Qxd7 5.O-O Nc6 6.c3 Nf6 7.Re1 e6 8.d3 Be7
9.Nbd2 O-O 10.Nf1 Rac8 11.Ng3 b5 12.d4 cxd4 13.cxd4 Nb4 14.Re2 d5 15.a3 Nc6
16.e5 Ne8 17.Qd3 a6 18.Bg5 h6 19.Bxe7 Nxe7 20.h3 Rc6 21.Nh4 g6 22.Nf3 Ng7
23.Nd2 Nef5 24.Nb3 Qc7 25.Nf1 g5 26.Nh2 Rc8 27.Ng4 Ne8 28.Rd1 Kg7 29.Ne3 Ne7
30.g3 Ng6 31.Rf1 f5 32.exf6+ Nxf6 33.Nc5 Rxc5 34.dxc5 Ne5 35.Qd1 d4 36.f4 dxe3
37.fxe5 Qxe5 38.Qd6 Rxc5 39.Qe7+  1-0